000 02147nam0a2200337 4500
001 RU\NLR\BIBL_A\022676218
005 20260408084247.0
010 _a978-5-7513-3917-3
_9100
035 _a(NLR Aleph) 022676218
090 _a13547519
_c13547519
100 _a20251201d2025 u y0rusy50 ca
101 0 _arus
102 _aRU
105 _aa j 000yy
181 0 _ai
_b xxe
182 0 _an
200 1 _aСовершенствование диагностики и лечебно-профилактической помощи зубочелюстных аномалий у детей и подростков при различных степенях тяжести дисплазии соединительной ткани
_eметодические рекомендации
_fМинистерство науки и высшего образования Российской Федерации, Северо-Восточный федеральный университет имени М. К. Аммосова, Медицинский институт
_gавторы-составители: И. Д. Ушницкий, д. м. н., профессор [и др.]
203 _aТекст
_bвизуальный
_cнепосредственный
210 _aЯкутск
_cИздательский дом СВФУ
_d2025
215 _a39 с.
_cил., табл.
_d21
320 _aБиблиогр.: с. 36–38 (18 назв.)
606 1 _aЗубочелюстные аномалии детей при дисплазии соединительной ткани
_jМетодические пособия
_92553830
_3RU\NLR\AUTH\6601723965
686 1 _aР733.665.605.0-37я8
686 1 _aР733.552-37я8
702 1 _aУшницкий
_bИ. Д.
_gИннокентий Дмитриевич
_4220
712 0 2 _4570
_aСеверо-Восточный федеральный университет им. М. К. Аммосова
_cЯкутск
_bМедицинский институт
_3RU\NLR\AUTH\8810185896
_9866794
942 _cBOOK
980 _aNB